000 00394nam a2200133 a 4500
001 000029008
005 20200930055255.0
008 110413s1979 dr 000 0 spa d
040 _aDO-SdBNP
_bspa
_cBNPHU
245 0 0 _aProyección científica Odonto-UASD-79.
260 _aSanto Domingo :
_bUniversidad Autónoma de Santo Domingo (UASD),
_c1979.
300 _a[26] p. ;
_c14 cm.
049 _aBNPD
999 _c28500
_d28500